<?xml version="1.0" encoding="UTF-8"?>
<record
    xmlns:xsi="http://www.w3.org/2001/XMLSchema-instance"
    xsi:schemaLocation="http://www.loc.gov/MARC21/slim http://www.loc.gov/standards/marcxml/schema/MARC21slim.xsd"
    xmlns="http://www.loc.gov/MARC21/slim">

  <leader>01875nam a2200385   4500</leader>
  <controlfield tag="001">14008</controlfield>
  <controlfield tag="003">http://catalogue.bnf.fr/ark:/12148/cb48661023r</controlfield>
  <controlfield tag="005">20260116125036.0</controlfield>
  <datafield tag="010" ind1=" " ind2=" ">
    <subfield code="a">9782487746176</subfield>
    <subfield code="d">15 EUR</subfield>
  </datafield>
  <datafield tag="073" ind1=" " ind2="0">
    <subfield code="a">9782487746176</subfield>
  </datafield>
  <datafield tag="090" ind1=" " ind2=" ">
    <subfield code="a">14008</subfield>
  </datafield>
  <datafield tag="099" ind1=" " ind2=" ">
    <subfield code="o">0</subfield>
  </datafield>
  <datafield tag="100" ind1=" " ind2=" ">
    <subfield code="a">20251205d2025    m  y0frey50      ba</subfield>
  </datafield>
  <datafield tag="101" ind1="0" ind2=" ">
    <subfield code="a">fre</subfield>
  </datafield>
  <datafield tag="102" ind1=" " ind2=" ">
    <subfield code="a">FR</subfield>
  </datafield>
  <datafield tag="105" ind1=" " ind2=" ">
    <subfield code="a">||||z   00|||</subfield>
  </datafield>
  <datafield tag="181" ind1=" " ind2="0">
    <subfield code="6">01</subfield>
    <subfield code="a">i </subfield>
    <subfield code="b">xxxe  </subfield>
  </datafield>
  <datafield tag="181" ind1=" " ind2=" ">
    <subfield code="6">02</subfield>
    <subfield code="c">txt</subfield>
    <subfield code="2">rdacontent</subfield>
  </datafield>
  <datafield tag="182" ind1=" " ind2="0">
    <subfield code="6">01</subfield>
    <subfield code="a">n</subfield>
  </datafield>
  <datafield tag="182" ind1=" " ind2=" ">
    <subfield code="6">02</subfield>
    <subfield code="c">n</subfield>
    <subfield code="2">rdamedia</subfield>
  </datafield>
  <datafield tag="200" ind1="1" ind2=" ">
    <subfield code="a">Nelvar</subfield>
    <subfield code="b">LIVR</subfield>
    <subfield code="e">le royaume sans peuple</subfield>
  </datafield>
  <datafield tag="214" ind1=" " ind2="0">
    <subfield code="c">Esse que &#xE9;ditions</subfield>
    <subfield code="d">2025</subfield>
  </datafield>
  <datafield tag="214" ind1=" " ind2="3">
    <subfield code="c">Impr. Typolibris</subfield>
  </datafield>
  <datafield tag="214" ind1=" " ind2="0">
    <subfield code="a">Pantin</subfield>
  </datafield>
  <datafield tag="214" ind1=" " ind2="3">
    <subfield code="a">22-Saint-Brieuc cedex 9</subfield>
  </datafield>
  <datafield tag="215" ind1=" " ind2=" ">
    <subfield code="a">1 vol. (157 p.)</subfield>
  </datafield>
  <datafield tag="215" ind1=" " ind2=" ">
    <subfield code="d">19 cm</subfield>
  </datafield>
  <datafield tag="323" ind1=" " ind2=" ">
    <subfield code="a">ind&#xE9;fini</subfield>
  </datafield>
  <datafield tag="330" ind1=" " ind2=" ">
    <subfield code="a">Dans le royaume de Nelvar, rien ne va plus. Le roi Fl&#xE9;gur est mort sans h&#xE9;ritier. L alliance ancienne nou&#xE9;e entre les diff&#xE9;rentes communaut&#xE9;s est &#xE0; bout de souffle : Orcs, Elfes, Trolls, Mages et Humains se battent pour acc&#xE9;der au tr&#xF4;ne. Pour d&#xE9;partager les pr&#xE9;tendant&#xB7;es, il faut retrouver la couronne de Boroghmar, qui ne peut aller que sur la t&#xEA;te de celle ou celui qui sera digne de diriger Nelvar. Mais les diff&#xE9;rentes esp&#xE8;ces qui peuplent le royaume r&#xE9;ussiront-elles &#xE0; s unir pour mener &#xE0; bien cette qu&#xEA;te ? Dans cette pi&#xE8;ce &#xE9;pique d heroic fantasy, Logan De Carvalho met en sc&#xE8;ne un monde imaginaire, reflet &#xE0; peine d&#xE9;form&#xE9; du n&#xF4;tre, et questionne le mythe du vivre-ensemble. Une fable &#xE0; l humour ravageur, qui utilise la fiction pour ranimer nos r&#xEA;ves de changement.</subfield>
  </datafield>
  <datafield tag="610" ind1=" " ind2=" ">
    <subfield code="a">fantastique</subfield>
    <subfield code="a">royaume</subfield>
    <subfield code="a">combats</subfield>
  </datafield>
  <datafield tag="700" ind1=" " ind2=" ">
    <subfield code="a">De Carvalho</subfield>
    <subfield code="b">Logan</subfield>
  </datafield>
  <datafield tag="700" ind1=" " ind2=" ">
    <subfield code="c">Auteur du texte</subfield>
  </datafield>
  <datafield tag="801" ind1=" " ind2="0">
    <subfield code="a">FR</subfield>
    <subfield code="b">FR-751131015</subfield>
    <subfield code="c">20251205</subfield>
    <subfield code="g">AFNOR</subfield>
    <subfield code="h">FRBNF486610230000006</subfield>
  </datafield>
  <datafield tag="856" ind1=" " ind2="2">
    <subfield code="u">1144944</subfield>
    <subfield code="b">Premi&#xE8;re de couverture</subfield>
  </datafield>
  <datafield tag="856" ind1=" " ind2="2">
    <subfield code="u">1144945</subfield>
    <subfield code="b">Quatri&#xE8;me de couverture</subfield>
  </datafield>
  <datafield tag="995" ind1=" " ind2=" ">
    <subfield code="2">0</subfield>
    <subfield code="5">2026-01-16</subfield>
    <subfield code="9">13901</subfield>
    <subfield code="c">JOL</subfield>
    <subfield code="f">JOL 007709</subfield>
    <subfield code="k">TH CAR X</subfield>
    <subfield code="o">0</subfield>
    <subfield code="b">JOL</subfield>
    <subfield code="r">LIVR</subfield>
  </datafield>
</record>
